000
00350nam a2200145Ia 4500
008
090124s9999 xx 000 0 und d
082
_b
305037
245
_a
ओमियागे
250
_a
1
260
_b
सानिया
_c
2004
300
_a
177
630
_a
ओमियागे
730
_a
ओमियागे
942
_c
BOOK
999
_c
194993
_d
194993